|
|
|
|
| LEADER |
00000nab a2200000 a 4500 |
| 001 |
vtls011104630 |
| 003 |
SK-MaSNL |
| 005 |
20260303143014.0 |
| 008 |
230222|2001 xo |||||||||||||||||slo| |
| 015 |
|
|
|a SNBRB
|
| 035 |
|
|
|a (uuid)0f801f9b-6d6a-4999-88cb-8f478269e044
|
| 035 |
|
|
|a (urnnbn)urn:nbn:sk:snk:ar-a087c6
|
| 035 |
|
|
|a urn:nbn:sk:snk-ab9b1h
|
| 040 |
|
|
|a SNKBUCL
|b slo
|c SNKBUCL
|e AACR2
|
| 041 |
0 |
|
|a slo
|
| 044 |
|
|
|a xo
|c SK
|
| 100 |
1 |
|
|a Slugeň, Dušan
|4 aut
|9 13069
|
| 245 |
1 |
0 |
|a Tokajské zlaté inžinierstvo
|c Dušan Slugeň
|
| 773 |
0 |
|
|t Vinič a víno : odborný časopis pre vinohradníkov a vinárov
|g Roč. 1, č. 5 (2001), s. [108b]-[108f]
|
| 954 |
|
|
|a odborná, vedecká literatúra pôvodná (slovenská)
|2 lita
|
| 958 |
|
|
|a OND
|
| 958 |
|
|
|a EUIPO
|
| 958 |
|
|
|a article13
|
| 999 |
|
|
|c 1987362
|d 1989292
|